|
|
|
|
| LEADER |
01230cam a2200265Ia 4500 |
| 001 |
c000264714 |
| 003 |
CARM |
| 005 |
20070718122148.0 |
| 008 |
830913s1967 mnua 100 0 eng d |
| 019 |
1 |
|
|a 50072221
|5 LACONCORD2021
|
| 035 |
|
|
|a (OCoLC)9904384
|5 LACONCORD2021
|
| 040 |
|
|
|a VCAV
|c VCAV
|
| 111 |
2 |
|
|a Mining Symposium
|n (28th :
|d 1967 :
|c Duluth, Minn.)
|
| 245 |
1 |
0 |
|a Twenty-eighth annual mining symposium and the Fortieth annual meeting of the Minnesota Section, AIME, January 16-18, 1967, Duluth, Minnesota /
|c edited by Eugene P. Pfleider and Frederick E. Berger.
|
| 260 |
|
|
|a Minneapolis :
|b University of Minnesota,
|c 1964.
|
| 300 |
|
|
|a 239 p. :
|b ill. ;
|c 27 cm.
|
| 650 |
|
0 |
|a Mining engineering
|v Congresses.
|
| 650 |
|
0 |
|a Mines and mineral resources
|v Congresses.
|
| 710 |
2 |
|
|a University of Minnesota, Duluth Branch.
|
| 710 |
2 |
|
|a American Institute of Mining and Metallurgical Engineers.
|b Minnesota Section.
|
| 700 |
1 |
|
|a Pfleider, Eugene P.
|
| 700 |
1 |
|
|a Berger, Frederick E.
|
| 852 |
8 |
|
|b CARM
|h A1:AO08E0
|i F02373
|p 0382407
|f BK
|
| 999 |
f |
f |
|i 98b27064-39ea-5bca-88eb-166da194f8b8
|s b25e3248-e4d8-5a03-ab5d-d8af0c85a8ba
|
| 952 |
f |
f |
|p Can circulate
|a CAVAL
|b CAVAL
|c CAVAL
|d CARM 1 Store
|e F02373
|f A1:AO08E0
|h Other scheme
|i book
|m 0382407
|